000 00637nam a22001937a 4500
999 _c13411
_d13411
003 AR-CdUCM
008 190415b ||||| |||| 00| 0 spa d
040 _aMUNICIPALIDAD PROVINCIAL DEL CUSCO
_cBIBLIOTECA MUNICIPAL DEL CUSCO
082 _a385.1 /
_bP45
245 _aLa crisis de los ferrocarriles central y del sur del Perú /
260 _aLima :
_bThe Peruvian Corporation.
300 _a26 páginas ;
_c21 cm.
505 _aContenido: Ferrocarriles.
650 _aFerrocarriles
_910042
650 _aAspectos económicos
_9261
650 _aContratos administrativos
_910496
942 _2ddc
_cLIBROS
945 _adavv
_d15/04/2019